| 000 | 00786nam a22001697a 4500 | ||
|---|---|---|---|
| 008 | 200228b xxu||||| |||| 00| 0 eng d | ||
| 020 | _a9788172452988 | ||
| 050 | _aRC87.B575 | ||
| 100 | _aBhardwaj, Ashwani | ||
| 245 |
_a A complete guide to family safety and first-aid./ _cAshwani Bhardwaj |
||
| 260 |
_aNew Delhi: _bGoodwill, |
||
| 300 |
_avi, 344p. _bill. |
||
| 500 | _aGeneral safety measures for a safe home and workplace; safety of dear children; electricity and fire; medical safety; tools and insecticides; enjoy safe swimming; road safety; picnics and kite-flying what is first-aid; structure and function of human body; genral management life saving resuscitation; wounds are pain | ||
| 690 | _aFirst-aid | ||
| 690 | _aFamily safety | ||
| 942 |
_2lcc _cBK |
||
| 999 |
_c7128 _d14628 |
||